[Event "Groningen"]
[Site "?"]
[Date "1995.??.??"]
[Round "?"]
[White "Kamsky, Gata"]
[Black "Tiviakov, S."]
[Result "1/2-1/2"]
[WhiteElo "2735"]
[BlackElo "2655"]
[PlyCount "118"]
[EventDate "1995.??.??"]
[Source "ChessBase"]
[SourceDate "1995.10.01"]

1. d4 Nf6 2. c4 e6 3. Nc3 Bb4 4. e3 O-O 5. Bd3 d5 6. Nf3 c5 7. O-O Nc6 8. a3 Bxc3 9. bxc3 dxc4 10. Bxc4 Qc7 11. Bb5 a6 12. Bd3 e5 13. Qc2 Re8 14. Nxe5 Nxe5 15. dxe5 Qxe5 16. f3 Bd7 17. Rb1 Bc6 18. Re1 Rad8 19. Bf1 Nd7 20. e4 c4 21. Be3 Qe6 22. Rbd1 Ne5 23. Rxd8 Rxd8 24. Bd4 Qd6 25. Ra1 b5 26. Qf2 f6 27. Qe3 Qe6 28. Be2 Re8 29. Re1 Nd7 30. Qf4 Ne5 31. Rd1 Qe7 32. Qc1 Nd7 33. Bf1 Nc5 34. Bf2 Nd7 35. Qb2 Ne5 36. Qb4 Qxb4 37. axb4 Kf7 38. Bb6 g5 39. Kf2 h5 40. Be2 Re7 41. Rd4 Rb7 42. Bd8 Rd7 43. Ke3 Nd3 44. g3 Kg6 45. Rxd7 Bxd7 46. h4 g4 47. Bc7 Be6 48. fxg4 hxg4 49. Kd4 Kh5 50. Bf1 Bc8 51. Bd6 Kg6 52. Ke3 Bb7 53. Be2 Bc8 54. Be7 Kf7 55. Bd8 Kg6 56. Bxd3 cxd3 57. Kxd3 Bb7 58. Ke3 Bc6 59. Kf4 Bd7 1/2-1/2

[Event "Horgen"]
[Site "?"]
[Date "1994.??.??"]
[Round "?"]
[White "Gelfand, B."]
[Black "Kortchnoi, V."]
[Result "0-1"]
[WhiteElo "2680"]
[BlackElo "2615"]
[PlyCount "74"]
[EventDate "1994.??.??"]
[Source "ChessBase"]
[SourceDate "1994.06.01"]

1. d4 Nf6 2. c4 e6 3. Nc3 Bb4 4. e3 c5 5. Bd3 d5 6. Nf3 O-O 7. O-O Nc6 8. a3 Bxc3 9. bxc3 dxc4 10. Bxc4 Qc7 11. Ba2 e5 12. h3 b6 13. Qc2 Ba6 14. Rd1 e4 15. Ng5 Rae8 16. f3 Bd3 17. Qf2 h6 18. fxe4 hxg5 19. Rxd3 Nxe4 20. Qf3 Na5 21. c4 b5 22. cxb5 c4 23. Rd1 Nb3 24. Bxb3 cxb3 25. Rb1 Nc3 26. Rxb3 Nxd1 27. Qxd1 Re4 28. Bd2 Rfe8 29. a4 Qd7 30. a5 g4 31. hxg4 Rxg4 32. b6 axb6 33. Rxb6 Qf5 34. a6 Qe4 35. Qf1 Ra8 36. Rb7 Rxa6 37. Qxf7+ Kh7 0-1

[Event "Groningen"]
[Site "?"]
[Date "1994.??.??"]
[Round "?"]
[White "Yusupov, A."]
[Black "Beliavsky, A."]
[Result "1/2-1/2"]
[WhiteElo "2655"]
[BlackElo "2640"]
[PlyCount "63"]
[EventDate "1994.??.??"]
[Source "ChessBase"]
[SourceDate "1994.10.01"]

1. d4 Nf6 2. c4 e6 3. Nc3 Bb4 4. e3 c5 5. Nf3 O-O 6. Bd3 d5 7. O-O Nc6 8. a3 Bxc3 9. bxc3 dxc4 10. Bxc4 Qc7 11. Bb2 e5 12. Be2 Rd8 13. Qc2 e4 14. Nd2 Bf5 15. Nb3 b6 16. c4 cxd4 17. exd4 Ne7 18. Qc3 Rac8 19. Rac1 Qf4 20. Qg3 Ng6 21. d5 Bd7 22. Rfe1 Ne8 23. Bf1 Ba4 24. Rc3 Qxg3 25. hxg3 Nd6 26. Nd2 Re8 27. Rce3 f5 28. f3 Ne5 29. Rc1 Nd7 30. Rce1 Ne5 31. Rc1 Nd7 32. Rce1 1/2-1/2

[Event "France"]
[Site "?"]
[Date "1999.??.??"]
[Round "?"]
[White "Sadler, M."]
[Black "Sokolov, And"]
[Result "1/2-1/2"]
[WhiteElo "2665"]
[BlackElo "2565"]
[PlyCount "229"]
[EventDate "1999.??.??"]
[Source "Chess Informant"]
[SourceDate "1999.06.01"]

1. d4 Nf6 2. c4 e6 3. Nc3 Bb4 4. e3 O-O 5. Bd3 d5 6. Nf3 c5 7. O-O Nc6 8. a3 Bxc3 9. bxc3 Qc7 10. Bb2 dxc4 11. Bxc4 b6 12. Re1 Bb7 13. e4 Ne7 14. Bd3 Ng6 15. Nd2 Rfd8 16. Bf1 Rac8 17. f3 Nd7 18. a4 Nb8 19. a5 Nc6 20. a6 Ba8 21. Rc1 Na5 22. Nb3 Nxb3 23. Qxb3 Bc6 24. Kh1 Be8 25. Ba3 Nf4 26. g3 Ng6 27. Kg2 h5 28. Kf2 h4 29. Rcd1 cxd4 30. cxd4 Qd7 31. Bb2 hxg3+ 32. hxg3 Ne7 33. Rc1 Nc6 34. Red1 Na5 35. Qa3 Qa4 36. Qxa4 Bxa4 37. Rxc8 Rxc8 38. Rc1 Rxc1 39. Bxc1 Nc6 40. d5 exd5 41. exd5 Nb4 42. d6 Bd7 43. Bd2 Nc6 44. Ke3 Kf8 45. Bc3 g6 46. Kf4 Ke8 47. Kg5 Be6 48. f4 Nb8 49. Bd4 Nd7 50. Bb5 Bd5 51. Bf6 Be6 52. Be7 Bd5 53. Kh6 Be6 54. Kg7 Bd5 55. Bg5 Be6 56. Bh4 Bd5 57. Kh8 Be6 58. Kg8 Bd5 59. Kg7 Be6 60. Bg5 Bd5 61. Be7 Be6 62. Kh7 Bd5 63. Kh6 Be6 64. Kg5 Bd5 65. f5 gxf5 66. Kxf5 Be6+ 67. Kg5 Bd5 68. g4 Be6 69. Kf4 Bd5 70. g5 Be6 71. Ke3 Bd5 72. Bf6 Be6 73. Kd2 Bd5 74. Kc3 Be6 75. Kb4 Bd5 76. Bd4 Bf3 77. Bf6 Bd5 78. Ka3 Be6 79. Ka4 Bd5 80. Kb4 Bg2 81. Kc3 Bd5 82. Kd4 Be6 83. Bc6 Bh3 84. Bb5 Be6 85. Ke4 Bh3 86. Ke3 Be6 87. Kd3 Bf5+ 88. Kc3 Be4 89. Be7 Bd5 90. Kd4 Be6 91. Ke3 Bd5 92. Kf4 Be6 93. Kg3 Bd5 94. Kg4 Be6+ 95. Kh5 Bd5 96. Kh6 Be6 97. Kg7 Bd5 98. Bf6 Be6 99. Kh6 Bd5 100. Kh5 Be6 101. Kh4 Bd5 102. Kg3 Be6 103. Kf4 Bd5 104. Ke3 Be6 105. Ke4 Bh3 106. Kd4 Be6 107. Bc6 Bh3 108. Bb5 Be6 109. Kc3 Bd5 110. Kb4 Bf3 111. Kc3 Bd5 112. Bd4 Bf3 113. Kb4 Bg2 114. Bf6 Bd5 115. Kc3 1/2-1/2

[Event "Moscow 87/463"]
[Site "?"]
[Date "2003.??.??"]
[Round "?"]
[White "Lautier, J."]
[Black "Timoshenko, G."]
[Result "1-0"]
[WhiteElo "2670"]
[BlackElo "2539"]
[PlyCount "77"]
[EventDate "2003.??.??"]
[Source "Chess Informant"]
[SourceDate "2003.02.01"]

1. d4 Nf6 2. c4 e6 3. Nc3 Bb4 4. e3 O-O 5. Bd3 d5 6. Nf3 c5 7. O-O Nc6 8. a3 Bxc3 9. bxc3 dxc4 10. Bxc4 Qc7 11. Bb2 e5 12. h3 Bf5 13. Qe2 Rad8 14. Bb5 e4 15. Nd2 a6 16. Bxc6 Qxc6 17. c4 Rfe8 18. a4 Nd7 19. Rfe1 a5 20. Bc3 b6 21. Qh5 Bg6 22. Qh4 cxd4 23. exd4 f5 24. Qg3 Qc8 25. Rab1 f4 26. Qxf4 e3 27. fxe3 Bxb1 28. Rxb1 Qc6 29. Rb5 Qg6 30. e4 h6 31. Kh2 Rf8 32. Qg3 Qxg3+ 33. Kxg3 g5 34. e5 Rf4 35. e6 Nf6 36. Rxb6 Rdxd4 37. Bxd4 Rxd4 38. e7 Ne8 39. Nf3 1-0

[Event "RUS-chT"]
[Site "Tomsk"]
[Date "2001.05.17"]
[Round "5"]
[White "Iskusnyh, Sergei"]
[Black "Filippov, Valerij"]
[Result "1/2-1/2"]
[WhiteElo "2533"]
[BlackElo "2632"]
[PlyCount "55"]
[EventDate "2001.05.13"]
[Source "ChessBase"]
[SourceDate "2001.07.03"]

1. d4 Nf6 2. c4 e6 3. Nc3 Bb4 4. e3 c5 5. Bd3 Nc6 6. Nf3 O-O 7. O-O d5 8. a3 Bxc3 9. bxc3 Qc7 10. Bb2 dxc4 11. Bxc4 e5 12. h3 Bf5 13. Qe2 Rfe8 14. Bb5 e4 15. Nd2 a6 16. Bxc6 Qxc6 17. c4 cxd4 18. Bxd4 Nd7 19. Rfb1 b6 20. Nf1 f6 21. Rb2 Be6 22. Nd2 Rab8 23. Rab1 Bf7 24. Qg4 Ne5 25. Qd1 Nd7 26. Qg4 Ne5 27. Qd1 Nd7 28. Qg4 1/2-1/2

[Event "EU-chT (Men)"]
[Site "Debrecen"]
[Date "1992.??.??"]
[Round "6"]
[White "Portisch, Lajos"]
[Black "Rozentalis, Eduardas"]
[Result "1/2-1/2"]
[WhiteElo "2575"]
[BlackElo "2585"]
[PlyCount "130"]
[EventDate "1992.11.??"]
[Source "ChessBase"]

1. d4 Nf6 2. c4 e6 3. Nc3 Bb4 4. e3 O-O 5. Bd3 d5 6. Nf3 c5 7. O-O Nc6 8. a3 Bxc3 9. bxc3 dxc4 10. Bxc4 b6 11. Re1 Bb7 12. e4 cxd4 13. cxd4 h6 14. Bb2 Rc8 15. Qd3 Na5 16. Ba2 Qc7 17. d5 exd5 18. exd5 Qc2 19. Qxc2 Rxc2 20. Bxf6 gxf6 21. Nd4 Rd2 22. Red1 Rxd1+ 23. Rxd1 Rd8 24. f3 Kf8 25. Nf5 h5 26. h4 b5 27. Rd4 Nc4 28. Bxc4 bxc4 29. Rxc4 Rxd5 30. Ng3 Ra5 31. Rc7 Bd5 32. Nxh5 Bxf3 33. Nxf6 Kg7 34. Ne8+ Kf8 35. Nd6 Bh5 36. Rc3 Rd5 37. Nb7 Bg6 38. Kf2 Ke7 39. Nc5 Kd6 40. Nb3 Be4 41. g3 Rd1 42. Ke3 Bd5 43. Nd4 a6 44. Ne2 Re1 45. Rc1 Rxc1 46. Nxc1 Ke6 47. Nd3 Kf5 48. Nf2 Bb3 49. g4+ Kg6 50. Kf4 f6 51. Nd3 a5 52. Ke3 Bd1 53. Nf2 Bb3 54. Kf4 a4 55. Ne4 Bd1 56. Nd6 Bc2 57. Nb5 Bd3 58. Nd4 Ba6 59. Nf5 Bd3 60. Ne3 Be2 61. h5+ Kf7 62. Ke4 Kf8 63. Kd5 f5 64. gxf5 Bxh5 65. Ke6 Bf7+ 1/2-1/2

[Event "RUS-Cup4"]
[Site "Perm"]
[Date "1997.02.14"]
[Round "7"]
[White "Sherbakov, Ruslan"]
[Black "Yakovich, Yuri"]
[Result "0-1"]
[WhiteElo "2580"]
[BlackElo "2575"]
[PlyCount "118"]
[EventDate "1997.02.02"]
[Source "ChessBase"]

1. d4 Nf6 2. c4 e6 3. Nc3 Bb4 4. e3 O-O 5. Bd3 d5 6. Nf3 c5 7. O-O Nc6 8. a3 Bxc3 9. bxc3 dxc4 10. Bxc4 Qc7 11. Ba2 e5 12. h3 e4 13. Nh2 Na5 14. f3 b6 15. fxe4 Nxe4 16. Qd3 Bb7 17. d5 Rfe8 18. c4 Qe5 19. Rb1 Qc3 20. Qe2 Ng3 21. Qd2 Qxd2 22. Bxd2 Nxf1 23. Nxf1 Ba6 24. Bxa5 bxa5 25. Rb2 Rab8 26. Rd2 Rb6 27. Kf2 Reb8 28. Ke2 Rb2 29. Kd3 a4 30. Rc2 Kf8 31. Nd2 Bc8 32. Rxb2 Rxb2 33. Bb1 Bd7 34. Kc3 Rb8 35. Bc2 Ke7 36. Nf3 h6 37. e4 f6 38. e5 fxe5 39. Nxe5 Be8 40. Nf3 Kd6 41. Nd2 Ke5 42. Ne4 Rc8 43. Bd3 Bd7 44. g4 h5 45. gxh5 Bxh3 46. Ng5 Bg4 47. Nf7+ Kf4 48. h6 gxh6 49. Nxh6 Bd7 50. Nf7 Rb8 51. Bc2 Rb6 52. Bd1 Rg6 53. Bc2 Rf6 54. Nd8 Ke5 55. Nb7 Rf3+ 56. Kb2 Kd4 57. Nd6 Rf6 58. Ne4 Rb6+ 59. Ka1 Bf5 0-1

[Event "Deutschland 81/446"]
[Site "?"]
[Date "2001.??.??"]
[Round "?"]
[White "Lautier, J."]
[Black "Gurevich, Vl"]
[Result "1/2-1/2"]
[WhiteElo "2648"]
[BlackElo "2499"]
[PlyCount "70"]
[EventDate "2001.??.??"]
[Source "Chess Informant"]
[SourceDate "2001.02.01"]

1. d4 Nf6 2. c4 e6 3. Nc3 Bb4 4. e3 O-O 5. Bd3 d5 6. Nf3 c5 7. O-O Nc6 8. a3 Bxc3 9. bxc3 Qc7 10. Bb2 dxc4 11. Bxc4 e5 12. h3 Bd7 13. Ba2 e4 14. Nd2 Rad8 15. d5 Ne5 16. c4 Rfe8 17. Qc2 b5 18. f4 exf3 19. Nxf3 Ng6 20. cxb5 Bxb5 21. Bxf6 gxf6 22. Rfe1 Bd7 23. Rac1 Rc8 24. Qf2 Rb8 25. Rc3 Rec8 26. Rec1 Kg7 27. R1c2 Ba4 28. Rc1 Bd7 29. Bb3 Qa5 30. Nd2 Qxa3 31. d6 Qa6 32. Ne4 f5 33. Ng5 Qxd6 34. Nxf7 Qe7 35. Bc4 Rb4 1/2-1/2

[Event "Hungary HUN"]
[Site "?"]
[Date "2006.02.12"]
[Round "7"]
[White "Berkes Ferenc"]
[Black "Ilincic Zlatko"]
[Result "1-0"]
[WhiteElo "2597"]
[BlackElo "2545"]
[PlyCount "69"]
[EventDate "2006.??.??"]
[Source "www.chesslib.no"]
[SourceDate "2004.05.04"]

1. d4 Nf6 2. c4 e6 3. Nc3 Bb4 4. e3 O-O 5. Bd3 d5 6. Nf3 c5 7. O-O Nc6 8. a3 Bxc3 9. bxc3 dxc4 10. Bxc4 Qc7 11. Ba2 Bd7 12. Re1 Ne4 13. Bb2 b5 14. Qc2 f5 15. d5 Nd8 16. c4 exd5 17. cxb5 Qb7 18. Ne5 c4 19. Nxd7 Qxd7 20. Rad1 Rc8 21. f3 Nf6 22. Bxf6 Rxf6 23. Bxc4 Rf7 24. Bxd5 Rxc2 25. Bxf7+ Qxf7 26. Rxd8+ Qf8 27. Red1 Rc3 28. Rxf8+ Kxf8 29. Rd8+ Ke7 30. Ra8 Rc7 31. a4 Kd6 32. a5 Rb7 33. a6 Rxb5 34. Rxa7 g5 35. Rxh7 1-0

[Event "Aalborg Open"]
[Site "Aalborg DEN"]
[Date "1993.??.??"]
[Round "5"]
[White "Sherbakov, Ruslan"]
[Black "Kupreichik, Viktor D"]
[Result "1-0"]
[WhiteElo "2570"]
[BlackElo "2560"]
[PlyCount "69"]
[EventDate "1993.??.??"]
[Source "www.chesslib.no"]
[SourceDate "2004.05.04"]

1. d4 Nf6 2. c4 e6 3. Nc3 Bb4 4. e3 O-O 5. Bd3 c5 6. Nf3 d5 7. O-O Nc6 8. a3 Bxc3 9. bxc3 dxc4 10. Bxc4 Qc7 11. Ba2 e5 12. h3 e4 13. Nh2 Bf5 14. Ng4 Nxg4 15. hxg4 Bg6 16. a4 Rad8 17. Qe2 b6 18. Ba3 Kh8 19. Rad1 Rfe8 20. Bc4 f5 21. Bb5 fxg4 22. Qxg4 Rd5 23. Qg3 Qc8 24. dxc5 Red8 25. Rxd5 Rxd5 26. cxb6 axb6 27. c4 Rd8 28. Bb2 Qb7 29. f4 Ne7 30. Qg5 Rf8 31. f5 Nxf5 32. g4 Qc7 33. gxf5 Qf7 34. c5 bxc5 35. fxg6 1-0

[Event "Elista ol (Men)"]
[Site "Elista"]
[Date "1998.10.04"]
[Round "6"]
[White "Vaisser, Anatoli"]
[Black "Kolev, Atanas"]
[Result "1/2-1/2"]
[WhiteElo "2575"]
[BlackElo "2550"]
[PlyCount "53"]
[EventDate "1998.09.29"]
[Source "ChessBase"]
[SourceDate "1998.11.06"]

1. d4 Nf6 2. c4 e6 3. Nc3 Bb4 4. e3 O-O 5. Bd3 d5 6. Nf3 c5 7. O-O Nc6 8. a3 Bxc3 9. bxc3 Qc7 10. Bb2 dxc4 11. Bxc4 e5 12. Be2 Rd8 13. Qc2 Bg4 14. dxe5 Nxe5 15. c4 Nxf3+ 16. gxf3 Bh3 17. Rfd1 Rxd1+ 18. Rxd1 Rd8 19. Rb1 Qc6 20. Kh1 Bg4 21. Kg2 Bc8 22. Rg1 b6 23. Qc3 Qe6 24. Kh1 Kf8 25. e4 h6 26. Qe3 Bb7 27. Qf4 1/2-1/2

[Event "Dubai op"]
[Site "Dubai"]
[Date "2002.04.23"]
[Round "7"]
[White "Neverov, Valeriy"]
[Black "Dizdar, Goran"]
[Result "0-1"]
[WhiteElo "2587"]
[BlackElo "2521"]
[PlyCount "104"]
[EventDate "2002.04.15"]
[Source "ChessBase"]
[SourceDate "2002.05.03"]

1. d4 Nf6 2. c4 e6 3. Nf3 d5 4. Nc3 Bb4 5. e3 O-O 6. Bd3 c5 7. O-O Nc6 8. a3 Bxc3 9. bxc3 dxc4 10. Bxc4 Qc7 11. Ba2 e5 12. d5 e4 13. dxc6 Bg4 14. cxb7 Rad8 15. Qa4 exf3 16. Rb1 fxg2 17. Kxg2 Bf5 18. Rb2 Rb8 19. Qf4 Qd7 20. Kg1 Bh3 21. Re1 Rxb7 22. Rxb7 Qxb7 23. e4 Be6 24. Bxe6 fxe6 25. Qd6 Qf7 26. f3 Ne8 27. Qg3 Qxf3 28. Qxf3 Rxf3 29. Be3 Rf7 30. Bxc5 Rc7 31. Bb4 Nf6 32. Kf2 Rc4 33. Kf3 e5 34. h4 Kf7 35. Re2 Ke6 36. Re1 h6 37. Rg1 Kf7 38. Re1 g5 39. hxg5 hxg5 40. Re3 Ke6 41. Re1 g4+ 42. Kg3 a6 43. Kh4 Nxe4 44. Kxg4 Nxc3+ 45. Kf3 Nd5 46. Rb1 Nxb4 47. axb4 Kd5 48. Ra1 Rc6 49. Ke3 Kc4 50. Ke4 Kxb4 51. Kxe5 Rh6 52. Rd1 Kc5 0-1

[Event "3 World-Cup CCYB"]
[Site "3 World-Cup CCYB"]
[Date "1992.??.??"]
[Round "?"]
[White "Reynolds, DP."]
[Black "Idema, AA."]
[Result "1-0"]
[WhiteElo "2545"]
[BlackElo "2545"]
[PlyCount "59"]
[EventDate "1992.??.??"]
[Source "www.chesslib.no"]
[SourceDate "2004.05.04"]

1. d4 Nf6 2. c4 e6 3. Nc3 Bb4 4. e3 O-O 5. Bd3 c5 6. Nf3 d5 7. O-O dxc4 8. Bxc4 Nc6 9. a3 Bxc3 10. bxc3 Qe7 11. Ne5 Nxe5 12. dxe5 Nd7 13. f4 Nb6 14. Bb3 Bd7 15. a4 Bc6 16. Bc2 Rfd8 17. Qe1 Rd7 18. e4 Re8 19. Qe2 Rdd8 20. Be3 Nd7 21. c4 Nb8 22. Ra3 Na6 23. Bf2 Nb4 24. Bb1 b6 25. Rh3 Qd7 26. Qh5 h6 27. Rg3 Kh7 28. f5 Rg8 29. Be3 Bxa4 30. f6 1-0

[Event "CRO-ch"]
[Site "Slavonski Brod"]
[Date "1995.??.??"]
[Round "?"]
[White "Kozul, Zdenko"]
[Black "Dizdar, Goran"]
[Result "1/2-1/2"]
[WhiteElo "2570"]
[BlackElo "2510"]
[PlyCount "88"]
[EventDate "1995.02.??"]
[Source "ChessBase"]

1. d4 d5 2. c4 e6 3. Nc3 Bb4 4. e3 c5 5. Bd3 Nf6 6. Nf3 O-O 7. O-O Nc6 8. a3 Bxc3 9. bxc3 dxc4 10. Bxc4 Qc7 11. Ba2 e5 12. d5 e4 13. dxc6 exf3 14. Qxf3 Bg4 15. Qg3 Qxc6 16. f3 Be6 17. c4 Rfd8 18. Bb2 Ne8 19. Qe1 Rd3 20. Rc1 Rad8 21. Bb1 R3d7 22. Qh4 h6 23. Qf4 Qd6 24. Qe4 f5 25. Qc2 Qd2 26. Qb3 b5 27. Qxb5 Nd6 28. Qb3 Nxc4 29. Ba1 Qxe3+ 30. Qxe3 Nxe3 31. Rfe1 Rd1 32. Rcxd1 Rxd1 33. Rxd1 Nxd1 34. Be5 Kf7 35. g3 a6 36. Bd3 c4 37. Be2 Ne3 38. Kf2 Nc2 39. Bb2 g5 40. h3 Bd5 41. Bd1 c3 42. Bxc3 Nxa3 43. Kg2 Nb5 44. Bb4 f4 1/2-1/2

[Event "Linares op"]
[Site "Linares"]
[Date "1995.??.??"]
[Round "?"]
[White "Vaisser, Anatoli"]
[Black "Petursson, Margeir"]
[Result "1-0"]
[WhiteElo "2540"]
[BlackElo "2535"]
[PlyCount "51"]
[EventDate "1995.01.??"]
[Source "ChessBase"]

1. d4 Nf6 2. c4 e6 3. Nc3 Bb4 4. e3 O-O 5. Bd3 d5 6. Nf3 c5 7. O-O Nc6 8. a3 Bxc3 9. bxc3 dxc4 10. Bxc4 Qc7 11. Bb5 b6 12. Re1 Bd7 13. Bf1 Nd5 14. c4 Nf6 15. Bb2 cxd4 16. exd4 Na5 17. d5 Qf4 18. g3 Qc7 19. Ng5 exd5 20. cxd5 Qd6 21. Qb1 Qxd5 22. Bxf6 Bf5 23. Qb2 gxf6 24. Qxf6 Bg6 25. Bg2 Qd8 26. Re7 1-0

[Event "Philadelphia"]
[Site "?"]
[Date "1991.??.??"]
[Round "?"]
[White "Gulko, B."]
[Black "Gruenfeld, Y."]
[Result "1-0"]
[WhiteElo "2565"]
[BlackElo "2505"]
[PlyCount "65"]
[EventDate "1991.??.??"]
[Source "ChessBase"]
[SourceDate "1991.10.01"]

1. d4 Nf6 2. c4 e6 3. Nc3 Bb4 4. e3 O-O 5. Bd3 c5 6. Nf3 d5 7. O-O Nc6 8. a3 Bxc3 9. bxc3 dxc4 10. Bxc4 Qc7 11. Ba2 Rd8 12. Qc2 Na5 13. Qe2 Nd5 14. Bd2 b6 15. Rac1 Bb7 16. Ne5 Nf6 17. f3 Qe7 18. Rfd1 Rac8 19. Be1 cxd4 20. exd4 Nd5 21. c4 Nf4 22. Qe3 Nh5 23. Bb4 Qe8 24. Bxa5 bxa5 25. Rb1 Rc7 26. Qd2 a4 27. Qa5 Re7 28. Nxf7 Rxf7 29. Qxh5 g6 30. Qe5 Qe7 31. c5 Bc8 32. Rb8 Rf5 33. Bxe6+ 1-0

[Event "Capablanca mem"]
[Site "Matanzas"]
[Date "1995.??.??"]
[Round "12"]
[White "Rodriguez Cespedes, Amador"]
[Black "Nogueiras, Jesus"]
[Result "1/2-1/2"]
[WhiteElo "2520"]
[BlackElo "2550"]
[PlyCount "23"]
[EventDate "1995.05.??"]
[Source "ChessBase"]

1. d4 Nf6 2. c4 e6 3. Nc3 Bb4 4. e3 O-O 5. Bd3 d5 6. Nf3 c5 7. O-O dxc4 8. Bxc4 Nc6 9. a3 Bxc3 10. bxc3 Qc7 11. Re1 b6 12. Bb2 1/2-1/2

[Event "CSR-ch"]
[Site "Trencianske Teplice"]
[Date "1979.??.??"]
[Round "7"]
[White "Hort, Vlastimil"]
[Black "Barczay, Laszlo"]
[Result "1/2-1/2"]
[WhiteElo "2600"]
[BlackElo "2470"]
[PlyCount "40"]
[EventDate "1979.11.??"]
[Source "ChessBase"]

1. d4 Nf6 2. c4 e6 3. Nc3 Bb4 4. e3 O-O 5. Bd3 d5 6. Nf3 c5 7. O-O Nc6 8. a3 Bxc3 9. bxc3 dxc4 10. Bxc4 Qc7 11. Be2 Na5 12. Ne5 b6 13. Bb2 Bb7 14. Rc1 Rfd8 15. c4 Rac8 16. Qc2 cxd4 17. exd4 b5 18. c5 Bd5 19. Rfe1 Qb7 20. Bf1 Nc6 1/2-1/2

[Event "RUS-Cup"]
[Site "Omsk/Perm"]
[Date "1998.??.??"]
[Round "5"]
[White "Potapov, Alexander"]
[Black "Filippov, Valerij"]
[Result "1-0"]
[WhiteElo "2475"]
[BlackElo "2595"]
[PlyCount "89"]
[EventDate "1998.??.??"]
[Source "www.chesslib.no"]
[SourceDate "2004.05.04"]

1. d4 Nf6 2. c4 e6 3. Nc3 Bb4 4. e3 c5 5. Nf3 Nc6 6. a3 Bxc3+ 7. bxc3 O-O 8. Bd3 d5 9. O-O dxc4 10. Bxc4 Qc7 11. Bb2 e5 12. Be2 Rd8 13. Qc2 e4 14. Nd2 Bf5 15. Rfd1 Rac8 16. Rac1 Qe7 17. Qb1 Qe6 18. Bc4 Qe7 19. Be2 b6 20. a4 cxd4 21. cxd4 Nd5 22. Bb5 Qe6 23. Rc4 Ncb4 24. Rxc8 Rxc8 25. Rc1 a6 26. Be2 Rxc1+ 27. Qxc1 Nd3 28. Bxd3 exd3 29. e4 Nf4 30. exf5 Qxf5 31. Qc6 h5 32. Qe8+ Kh7 33. Qe4 Kg6 34. f3 h4 35. Kf2 h3 36. g4 Qxe4 37. fxe4 Kg5 38. Kf3 g6 39. d5 f5 40. gxf5 gxf5 41. Bf6+ Kxf6 42. Kxf4 fxe4 43. Kxe4 b5 44. axb5 axb5 45. Nf3 1-0

[Event "RUS-ch"]
[Site "Elista"]
[Date "1996.??.??"]
[Round "5"]
[White "Lugovoi, Aleksei"]
[Black "Goldin, Alexander"]
[Result "0-1"]
[WhiteElo "2500"]
[BlackElo "2570"]
[PlyCount "262"]
[EventDate "1996.10.15"]
[Source "ChessBase"]

1. d4 Nf6 2. c4 e6 3. Nc3 Bb4 4. e3 c5 5. Bd3 Nc6 6. Nf3 d5 7. O-O O-O 8. a3 Bxc3 9. bxc3 dxc4 10. Bxc4 Qc7 11. Bd3 e5 12. Qc2 Re8 13. dxe5 Nxe5 14. Nxe5 Qxe5 15. f3 Bd7 16. a4 Rac8 17. Re1 Bc6 18. e4 Nd5 19. Bd2 Nf4 20. Bc4 Ng6 21. Be3 Qe7 22. Qf2 b6 23. a5 Ne5 24. Bf1 Qe6 25. Rab1 Rb8 26. Qg3 f6 27. axb6 axb6 28. Bf4 b5 29. Qf2 c4 30. Red1 Rbd8 31. Rxd8 Rxd8 32. Qb6 Qd7 33. Ra1 Rc8 34. Be2 Qc7 35. Be3 Qxb6 36. Bxb6 Ra8 37. Rxa8+ Bxa8 38. Kf2 Kf7 39. Ke3 Nd7 40. Bc7 Nc5 41. Bd6 Nd3 42. g3 Ke6 43. Bb8 g6 44. Bf1 Bb7 45. Bh3+ f5 46. g4 fxe4 47. g5+ Ke7 48. fxe4 Bxe4 49. Kxe4 Nf2+ 50. Kd5 Nxh3 51. Bg3 Nxg5 52. Bh4 h6 53. Kc5 Ke6 54. Bxg5 hxg5 55. Kxb5 Kf5 56. Kxc4 Kg4 57. Kd5 Kh3 58. c4 Kxh2 59. c5 g4 60. c6 g3 61. c7 g2 62. c8=Q g1=Q 63. Qh8+ Kg3 64. Qb8+ Kf3 65. Qf8+ Kg2 66. Qf4 Qe1 67. Qg4+ Qg3 68. Qe2+ Kh3 69. Qf1+ Kh4 70. Qh1+ Kg5 71. Ke6 Qf2 72. Ke7 Kg4 73. Qd1+ Kh4 74. Qh1+ Kg3 75. Qh6 Qf5 76. Qe3+ Kh4 77. Qe1+ Kg5 78. Qg3+ Kh6 79. Qh2+ Qh5 80. Qd6 Kh7 81. Qc7 Qf5 82. Qh2+ Kg7 83. Qb2+ Kh6 84. Qh2+ Qh5 85. Qd6 Qe2+ 86. Kf7 Qc4+ 87. Kf6 Qf1+ 88. Ke7 Qf2 89. Ke8 Kh5 90. Qd1+ Kh4 91. Qh1+ Kg3 92. Qh6 Qf5 93. Qe3+ Kg4 94. Qg1+ Kh5 95. Qh2+ Kg5 96. Ke7 Qf6+ 97. Ke8 Qf4 98. Qh1 Kf5 99. Qh3+ Kf6 100. Qh8+ Ke6 101. Qh3+ Qf5 102. Qb3+ Kf6 103. Qf7+ Kg5 104. Qe7+ Kg4 105. Qe2+ Qf3 106. Qc4+ Kh5 107. Qc2 g5 108. Qh2+ Kg4 109. Qb2 Qe3+ 110. Kd8 Qd3+ 111. Kc8 Qh3 112. Qe5 Kh4+ 113. Kd8 Qd3+ 114. Ke8 g4 115. Qh2+ Kg5 116. Qe5+ Qf5 117. Qe7+ Kf4 118. Qh4 Kf3 119. Qh1+ Kg3 120. Qg1+ K 4 121. Qh2+ Kg5 122. Qd2+ Kg6 123. Qd6+ Qf6 124. Qd3+ Kh5 125. Qd5+ Qg5 126. Qh1+ Kg6 127. Qc6+ Qf6 128. Qe4+ Qf5 129. Qc6+ Kg5 130. Qc3 Qe6+ 131. Kd8 Qf6+ 0-1

[Event "RUS-ch"]
[Site "Elista"]
[Date "1996.??.??"]
[Round "10"]
[White "Lugovoi, Aleksei"]
[Black "Landa, Konstantin"]
[Result "1/2-1/2"]
[WhiteElo "2500"]
[BlackElo "2570"]
[PlyCount "65"]
[EventDate "1996.10.15"]
[Source "ChessBase"]

1. d4 d5 2. c4 e6 3. Nf3 Nf6 4. Nc3 Bb4 5. e3 O-O 6. Bd3 c5 7. O-O Nc6 8. a3 Bxc3 9. bxc3 dxc4 10. Bxc4 Qc7 11. Bd3 e5 12. Qc2 Re8 13. dxe5 Nxe5 14. Nxe5 Qxe5 15. f3 Bd7 16. a4 Bc6 17. e4 Rad8 18. Bc4 h5 19. a5 h4 20. h3 Re7 21. Re1 Nh5 22. Be3 b5 23. axb6 axb6 24. Rab1 Rb7 25. Red1 Rxd1+ 26. Rxd1 Nf4 27. Bf1 Ne6 28. Bf2 g5 29. Bc4 Nf4 30. Qb3 Kg7 31. Bf1 b5 32. Qa3 Ne6 33. Qb3 1/2-1/2

[Event "EUCup Moscow-ZSKA"]
[Site "Moscow"]
[Date "1990.??.??"]
[Round "?"]
[White "Balashov, Yuri S"]
[Black "Kharitonov, Andrei Y"]
[Result "1/2-1/2"]
[WhiteElo "2575"]
[BlackElo "2490"]
[PlyCount "85"]
[EventDate "1990.??.??"]
[Source "ChessBase"]

1. d4 Nf6 2. c4 e6 3. Nc3 Bb4 4. e3 O-O 5. Nf3 c5 6. Bd3 d5 7. O-O Nc6 8. a3 Bxc3 9. bxc3 dxc4 10. Bxc4 Qc7 11. Bb5 Bd7 12. a4 Ne7 13. Bxd7 Nxd7 14. e4 Rfd8 15. Bg5 Nf8 16. Qb3 f6 17. Bc1 Nc6 18. Rd1 Na5 19. Qa2 cxd4 20. cxd4 Qc4 21. Bd2 Qxa2 22. Rxa2 Nc6 23. Be3 b6 24. Rc2 Rac8 25. Rdc1 Ne7 26. Nd2 Rxc2 27. Rxc2 Rc8 28. Rxc8 Nxc8 29. Kf1 Kf7 30. Ke2 Ke7 31. Kd3 Kd7 32. Nb1 Ng6 33. g3 Kc6 34. Nc3 Nge7 35. Bc1 a6 36. Ba3 Kd7 37. Na2 Nc6 38. f4 Nd6 39. Bxd6 Kxd6 40. g4 g6 41. Nc3 Nb4+ 42. Kc4 Nc2 43. Kd3 1/2-1/2

[Event "Szirak"]
[Site "Szirak"]
[Date "1986.??.??"]
[Round "?"]
[White "Flear, Glenn C"]
[Black "Romanishin, Oleg M"]
[Result "0-1"]
[WhiteElo "2505"]
[BlackElo "2560"]
[PlyCount "121"]
[EventDate "1986.09.??"]
[Source "ChessBase"]

1. d4 Nf6 2. c4 e6 3. Nc3 Bb4 4. e3 c5 5. Bd3 d5 6. Nf3 Nc6 7. O-O O-O 8. a3 Bxc3 9. bxc3 dxc4 10. Bxc4 Qc7 11. Qc2 e5 12. Bd3 Re8 13. dxe5 Nxe5 14. Nxe5 Qxe5 15. f3 Bd7 16. a4 Rac8 17. Re1 c4 18. Bf1 Nd5 19. Bd2 a6 20. e4 Nf4 21. Be3 Ne6 22. Qd2 Re7 23. f4 Qc7 24. f5 Nc5 25. Bf4 Qc6 26. e5 Bxf5 27. Bxc4 Ne4 28. Bd5 Qc5+ 29. Qd4 Nxc3 30. Qxc5 Rxc5 31. Bf3 Rc4 32. Bg5 Rd7 33. a5 h6 34. Be3 Bg4 35. Bxg4 Rxg4 36. Rac1 Nd5 37. Bf2 Nf4 38. g3 Ne6 39. Red1 Rxd1+ 40. Rxd1 Rb4 41. Bb6 Rb5 42. Rd7 Nc5 43. Rd8+ Kh7 44. Bxc5 Rxc5 45. Rd7 Rxe5 46. Rxf7 Rb5 47. Kg2 Rb2+ 48. Kh3 h5 49. Rd7 Kh6 50. Rd3 g6 51. Re3 Kg5 52. Re7 Kf6 53. Rh7 Rb5 54. Kh4 Rb4+ 55. Kh3 Kg5 56. Rd7 Rb2 57. Re7 Kh6 58. Re3 Rb5 59. Re7 g5 60. Kg2 g4 61. h4 0-1

[Event "Budapest FS08 GM"]
[Site "Budapest"]
[Date "1994.??.??"]
[Round "1"]
[White "Horvath, Jozsef"]
[Black "Horvath, Csaba"]
[Result "1/2-1/2"]
[WhiteElo "2520"]
[BlackElo "2540"]
[PlyCount "21"]
[EventDate "1994.08.??"]
[Source "ChessBase"]

1. d4 Nf6 2. c4 e6 3. Nc3 Bb4 4. e3 O-O 5. Bd3 d5 6. Nf3 c5 7. O-O Nc6 8. a3 Bxc3 9. bxc3 dxc4 10. Bxc4 Qc7 11. Ba2 1/2-1/2